HANDBOOK ON HEALING 2 (Record no. 371432)

MARC details
000 -LEADER
fixed length control field 00391nam a2200157Ia 4500
008 - FIXED-LENGTH DATA ELEMENTS--GENERAL INFORMATION
fixed length control field 100122s9999 xx 000 0 und d
082 ## - DEWEY DECIMAL CLASSIFICATION NUMBER
Item number 36402
Classification number 614
100 ## - MAIN ENTRY--PERSONAL NAME
Personal name NARAYANI
245 ## - TITLE STATEMENT
Title HANDBOOK ON HEALING 2
260 ## - PUBLICATION, DISTRIBUTION, ETC. (IMPRINT)
Name of publisher, distributor, etc SIVANANDA HEALING CENTRE
Date of publication, distribution, etc 1905
300 ## - PHYSICAL DESCRIPTION
Extent 589
630 ## - SUBJECT ADDED ENTRY--UNIFORM TITLE
Uniform title HANDBOOK ON HEALING 2
700 ## - ADDED ENTRY--PERSONAL NAME
Personal name ANANDA P L
730 ## - ADDED ENTRY--UNIFORM TITLE
Uniform title HANDBOOK ON HEALING 2
942 ## - ADDED ENTRY ELEMENTS (KOHA)
Koha item type Book
Holdings
Withdrawn status Lost status Damaged status Not for loan Home library Current library Date acquired Cost, normal purchase price Total Checkouts Full call number Barcode Date last seen Cost, replacement price Price effective from Koha item type Public note
        S.V. Pathak Library, Vile Parle S.V. Pathak Library, Vile Parle 02/27/1984 70.00   36402 SVPPARLE-36402 01/25/2010 70.00 01/25/2010 Book ", , , NA"